LEADER 01169nam a2200253 u 4500 001 000000055312 003 CaOOAMICUS 005 20070226115754.0 008 010123s1970 it u000 u ita u 035 $a10866095 040 $aPUL(R)$bita 245 03$aLe clausole onerose nelle assicurazioni private /$ca cura di Pasquale Stanzione. 260 $aMilano :$bGiuffrè,$c1970. 300 $a352 p. ;$c25 cm 490 1 $aUniversità degli studi di Camerino. Istituto giuridico. Testi per le esercitazioni. Sezione XI ;$v8 650 4$aDiritto privato.$0(OLS)http://pul/subject/2286 700 1 $aStanzione, Pasquale.$0(OLS)http://pul/name/37178 830 0$aTesti per esercitazioni (Università degli studi di Camerino. Istituto giuridico).$nSezione XI ;$v8.$0(OLS)http://pul/title/64291 850 $aPUL 852 $aPUL$W1$xDP1 Fondo Ciprotti$y59$m1550 E 67$j72757$nBK-PRI$b $qFondi$B72757$CPULBib$Z2$F72757 $H $81 941 1 $a1 961 $aINV: Fondo Ciprotti 996 $6245$aLe clausole onerose nelle assicurazioni private$9(OLS)http://pul/title/74082 996 $6260$aMilano :$bGiuffrè$9(OLS)http://pul/publisher/48401 LEADER 01321nam a2200265 a 4500 001 000000162102 003 CaOOAMICUS 005 20170719152656.0 008 170719s1986 ii m 001 u eng r 032 $aLibriCat 040 $aPUL$bita 100 1 $aFlórez, Generoso M.$0(OLS)http://pul/name/103930 245 13$aAn appeal to the Church : $bRiccardo Lombardi, s. j., his person, his work, and its significance for the Church of Asia / $cGeneroso M. Florez . 260 $aAnand (India) :$b[s.n.],$c1986. 300 $axiv, 216 p ;$c25 cm. 502 $aEstratto di Tesi -- Pontificia Universitas Gregoriana. Facultas Missiologiae. 1983. 504 $aBibliografia in nota a piè pagina. 650 04$aMissioni$zAsia.$0(OLS)http://pul/subject/25679 710 2 $aPontificia Università Gregoriana.$bFacoltà di missiologia.$kTesi.$0(OLS)http://pul/name/82191 850 $aPUL 852 $aPUL$W1$xDP1 Tesi Pon. Univ. Gregoriana$y40$mTH PUG 3431$j186087$qTesi$B189308$CPULBib$Z2$F189308 $H59950 $82 941 1 $a16 996 $6245$aAn appeal to the Church : $bRiccardo Lombardi, s. j., his person, his work, and its significance for the Church of Asia / $9(OLS)http://pul/title/201865 996 $6260$aAnand (India) :$b[s.n.]$9(OLS)http://pul/publisher/86394